000 00916nam a22001817a 4500
005 20260123085907.0
008 230713b ||||| |||| 00| 0 eng d
040 _cSSBUL
_dSSBUL
082 _223
_a၈၀၇.၉၈၉၅ ပ ၁၆၀၅၆ (S-SAT)
245 0 0 _aပခုက္ကူဦးအုံးဖေစာပေဆုနှင့် ပညာ‌ရေထူးချွန်ဆု ဆုချီးမြင့်ပွဲ /
260 _c၂၀၀၁။
300 _a၅၆ စာမျက်နှာ၊
_c၂၀ စင်တီ။
500 _aS-SAT: Dr. Prof Sai Aung Tun
650 _aပခုက္ကူဦးအုံးဖေစာပေဆု။
_927857
650 _aစာပေဆုများ
_zမြန်မာနိုင်ငံ။
_927827
650 _aမြန်မာစာရေးဆရာများ
_vအတ္ထုပ္ပတ္တိ။
_927858
942 _2ddc
_cBK1
999 _c27117
_d27117